Sears and Zemansky's university physics : (Record no. 15625)
[ view plain ]
| 000 -LEADER | |
|---|---|
| fixed length control field | 01490cam a2200421 a 4500 |
| 001 - CONTROL NUMBER | |
| control field | 15981570 |
| 003 - CONTROL NUMBER IDENTIFIER | |
| control field | OSt |
| 005 - DATE AND TIME OF LATEST TRANSACTION | |
| control field | 20140310182744.0 |
| 008 - FIXED-LENGTH DATA ELEMENTS--GENERAL INFORMATION | |
| fixed length control field | 091112s2008 caua 001 0 eng d |
| 010 ## - LIBRARY OF CONGRESS CONTROL NUMBER | |
| LC control number | 2009499571 |
| 020 ## - INTERNATIONAL STANDARD BOOK NUMBER | |
| International Standard Book Number | 9789810697358 |
| 035 ## - SYSTEM CONTROL NUMBER | |
| System control number | (OCoLC)ocn166268535 |
| 040 ## - CATALOGING SOURCE | |
| Original cataloging agency | CSG |
| Transcribing agency | CSG |
| Modifying agency | YDXCP |
| -- | BAKER |
| -- | COO |
| -- | U9S |
| -- | DLC |
| 042 ## - AUTHENTICATION CODE | |
| Authentication code | lccopycat |
| 050 00 - LIBRARY OF CONGRESS CALL NUMBER | |
| Classification number | QC 23.2 |
| Item number | .Y68 2009 |
| 082 04 - DEWEY DECIMAL CLASSIFICATION NUMBER | |
| Classification number | M 530 |
| -- | 12th ed. |
| Item number | Y72 2009 |
| 100 1# - MAIN ENTRY--PERSONAL NAME | |
| Personal name | Young, Hugh D. |
| 245 10 - TITLE STATEMENT | |
| Title | Sears and Zemansky's university physics : |
| Remainder of title | with modern physics. |
| Statement of responsibility, etc | Young, Hugh D.; Freedman, Roger A.; Ford, Lewis |
| 246 30 - VARYING FORM OF TITLE | |
| Title proper/short title | University physics |
| 250 ## - EDITION STATEMENT | |
| Edition statement | 12th ed. / |
| 260 ## - PUBLICATION, DISTRIBUTION, ETC. (IMPRINT) | |
| Place of publication, distribution, etc | Singapore : |
| Name of publisher, distributor, etc | Pearson Education South Asia Pte Ltd., |
| Date of publication, distribution, etc | c2009. |
| 300 ## - PHYSICAL DESCRIPTION | |
| Extent | xx, 1551 p. |
| Other physical details | ill. ; |
| Dimensions | 26 cm. |
| 500 ## - GENERAL NOTE | |
| General note | Includes chapters 1-44. |
| 500 ## - GENERAL NOTE | |
| General note | "Low Price Edition" -- Preface. |
| 521 ## - TARGET AUDIENCE NOTE | |
| Target audience note | |
| 526 ## - STUDY PROGRAM INFORMATION NOTE | |
| Reading level | 1210L-1700L |
| 541 ## - IMMEDIATE SOURCE OF ACQUISITION NOTE | |
| -- | 1 |
| 562 ## - COPY AND VERSION IDENTIFICATION NOTE | |
| Number of copies | for circulation. 1 copy available in the collection |
| 650 #0 - SUBJECT ADDED ENTRY--TOPICAL TERM | |
| Topical term or geographic name as entry element | Physics |
| Form subdivision | Textbooks. |
| 650 #6 - SUBJECT ADDED ENTRY--TOPICAL TERM | |
| Topical term or geographic name as entry element | Physique. |
| 700 1# - ADDED ENTRY--PERSONAL NAME | |
| Personal name | Freedman, Roger A. |
| 700 1# - ADDED ENTRY--PERSONAL NAME | |
| Personal name | Ford, A. Lewis |
| Fuller form of name | (Albert Lewis) |
| 700 1# - ADDED ENTRY--PERSONAL NAME | |
| Personal name | Sears, Francis Weston, |
| Dates associated with a name | 1898-1975. |
| Title of a work | University physics. |
| 906 ## - LOCAL DATA ELEMENT F, LDF (RLIN) | |
| a | 7 |
| b | cbc |
| c | copycat |
| d | 3 |
| e | ncip |
| f | 20 |
| g | y-gencatlg |
| 942 ## - ADDED ENTRY ELEMENTS (KOHA) | |
| Source of classification or shelving scheme | Library of Congress Classification |
| Koha item type | Books |
| Call number prefix | |
| Withdrawn status | Lost status | Source of classification or shelving scheme | Damaged status | Home library | Current library | Shelving location | Date acquired | Total Checkouts | Full call number | Barcode | Date last seen | Copy number | Price effective from | Koha item type |
|---|---|---|---|---|---|---|---|---|---|---|---|---|---|---|
| Library of Congress Classification | College Library | College Library | General Circulation Section | 06/04/2013 | QC 23.2 .Y68 2009 | C14375 | 05/15/2018 | 1 | 11/14/2013 | Books |